| 000 | 00877nam0a22002411 4500 | ||
|---|---|---|---|
| 001 | rc\1179764 | ||
| 005 | 20250622211710.0 | ||
| 035 | _a(NLR Aleph) 006421993 | ||
| 090 |
_a5458290 _c5458290 |
||
| 100 | _a20041129d1980 |||y0rusy50 ca | ||
| 101 | 0 | _arus | |
| 102 | _aRU | ||
| 105 | _aa ||||||||| | ||
| 200 | 1 |
_aКонтроль качества продукции лесопиления и деревообработки _e[Учебник для сред. проф.-техн. уч-щ] |
|
| 210 |
_aМ. _cВысш. школа _d1980 |
||
| 215 |
_a192 с. _cил. _d21 |
||
| 225 | 1 |
_aПрофтехобразование _iДеревообрабатывающая промышленность |
|
| 700 | 1 |
_aКислый _bВ.В. _gВиктор Васильевич |
|
| 801 | 0 |
_aRU _bNLR _gpsbo |
|
| 801 | 1 |
_aRU _bELAR _2rusmarc |
|
| 852 |
_aNLR _j80-5/5777 |
||
| 942 | _cBOOK | ||
| 980 | _aNB | ||